00480nam a2200145 a 450000100100000000500170001000800410002704000250006808200150009310000410010824500670014926000330021630000310024950000540028000002163920200930011407.0100909s1993 dr c 000 0 spa d aDO-SdBNPbspacBNPHU axxxbC744b1 aConcepción , Patria Quisquella Ana10aBalaguer, el reformador /cPatria Quisquella Ana Concepción. aLa Vega :bUniversal,c1993. a388 p. :bretrs. ;c22 cm. aIncluye datos biográficos de la autora p. 11-14